000 00510nam a2200193Ia 4500
005 20260429111947.0
008 260429s9999||||xx |||||||||||||| ||und||
020 _a9789370448636
041 _aEnglish
082 _a541.0421
_bSIN
100 _aSingh, Anil Kumar
245 0 _aSolid state chemistry /
_cAnil Kumar Singh
260 _aNew Delhi :
_bAsia Publishers,
_c2025.
300 _axii, 250 p.; hb
650 _a Physical chemistry
650 _a Solid state
650 _aChemistry
942 _cTB
999 _c51631
_d51631